Del Panamericanismo al ALCA: Implicaciones para la UE y España /
Bewaard in:
| Hoofdauteur: | |
|---|---|
| Andere auteurs: | |
| Formaat: | Texto |
| Onderwerpen: | |
| Tags: |
Voeg label toe
Geen labels, Wees de eerste die dit record labelt!
|
MARC
| LEADER | 00000 a a2200000 04500 | ||
|---|---|---|---|
| 001 | 13247 | ||
| 003 | |||
| 040 | |||
| 100 | |a Casilda Béjar, Ramón | ||
| 245 | |a Del Panamericanismo al ALCA: |b Implicaciones para la UE y España / |c Ramón Casilda Béjar | ||
| 650 | |a INTEGRACION ECONOMICA | ||
| 650 | |a INTEGRACION REGIONAL | ||
| 650 | |a COLONIALISMO | ||
| 650 | |a AMERICAS | ||
| 700 | |a Sotelsek Salem, Daniel | ||
| 773 | |g número 4; páginas 134-148 | ||
| 999 | |c 26123 |d 26123 | ||
